|
|
|
|
| LEADER |
00969nam a2200205 i 4500 |
| 003 |
GR-PaULI |
| 005 |
20230327142215.0 |
| 008 |
230327s1945 gr ||||g |||| 00| f gre d |
| 952 |
|
|
|0 0
|1 0
|2 ddc
|4 0
|6 891_730000000000000_TOL
|7 0
|9 370443
|a LISP
|b LISP
|c DON
|d 2023-03-27
|e ΠΑΠ
|i 259808
|l 0
|o 891.73 TOL
|p 025000297095
|r 2023-03-27 00:00:00
|t 1
|w 2023-03-27
|y BK15
|
| 999 |
|
|
|c 216226
|d 216226
|
| 040 |
|
|
|a GR-PaULI
|b gre
|c GR-PaULI
|e AACR2
|
| 041 |
1 |
|
|a gre
|h rus
|
| 082 |
0 |
4 |
|2 23
|a 891.73
|
| 100 |
1 |
|
|9 193191
|a Tolstoy Aleksey Konstantinovich, Graf
|d 1817-1875,
|e συγγραφέας.
|
| 245 |
1 |
0 |
|a Γαλάζιες πολιτείες /
|c Αλέξη Τολστόι ; μετάφραση από τα ρωσικά Κώστα Μερτβάγου.
|
| 260 |
|
|
|a [Αθήναι] :
|b Φίλοι του Βιβλίου,
|c 1945.
|
| 300 |
|
|
|a 98, [1] σ. ;
|c 18 εκ.
|
| 700 |
1 |
|
|9 34340
|a Μερτβάγος, Κώστας
|e μεταφραστής.
|
| 942 |
|
|
|2 ddc
|c BK
|
| 998 |
|
|
|c ΛΟΤΣΑΡΗ
|d 2023-03
|